Normal view
MARC view
- Yilmaz, Levent
Entry Personal Name
001 - CONTROL NUMBER
- control field: 6046
003 - CONTROL NUMBER IDENTIFIER
- control field: OSt
005 - DATE AND TIME OF LATEST TRANSACTION
- control field: 20240216103515.0
008 - FIXED-LENGTH DATA ELEMENTS
- fixed length control field: 240216|| aca||aabn | a|a d
040 ## - CATALOGING SOURCE
- Original cataloging agency: OSt
- Transcribing agency: OSt
100 ## - HEADING--PERSONAL NAME
- Personal name: Yilmaz, Levent
670 ## - SOURCE DATA FOUND
- Source citation: Work cat.: (OSt)13967: Yilmaz, Levent, Irrigation and drainage management /, 2012.
